FIFA 22 Headliners - Statistics

General Stats
  • This quiz has been taken 28 times
    12 since last reset
  • The average score is 29 of 38
Answer Stats
Base Rating Club Player % Correct
93 PSG Kylian Mbappe
100%
91 Liverpool Virgil Van Dijk
100%
85 Arsenal Aaron Ramsdale
80%
89 RB Leipzig Christopher Nkunku
80%
86 Borussia Monchengladbach Denis Zakaria
80%
86 Marseille Dimitri Payet
80%
87 Lazio Felipe Anderson
80%
88 Rennes Gaetan Laborde
80%
88 Hellas Verona Giovanni Simeone
80%
90 Manchester City Joao Cancelo
80%
86 Lens Jonathan Clauss
80%
91 Bayern Munich Joshua Kimmich
80%
86 Borussia Dortmund Julian Brandt
80%
89 Napoli Kalidou Koulibaly
80%
88 Frankfurt Kevin Trapp
80%
87 Porto Luis Diaz
80%
88 Sevilla Marcos Acuna
80%
93 Liverpool Mohamed Salah
80%
88 Inter Milan Nico Barella
80%
72 Freiburg Nico Schlotterbeck
80%
87 Chelsea Reece James
80%
86 West Ham Said Benrahma
80%
88 Lens Seko Fofana
80%
88 Bayern Munich Serge Gnabry
80%
87 Montpellier Teji Savanier
80%
88 Real Madrid Vinicius Jr
80%
88 Atletico Madrid Yannick Carrasco
80%
72 Koln Anthony Modeste
60%
85 Sampdoria Antonio Candreva
60%
84 Real Sociedad Aritz Elustondo
60%
85 Bologna Arthur Theate
60%
85 Atalanta Duvan Zapata
60%
84 Fulham Harry Wilson
60%
86 PSV Ibrahim Sangare
60%
84 Deportivo Alaves Joselu
60%
86 Aston Villa Ollie Watkins
60%
85 Bayer Leverkusen Patrik Schick
60%
86 AC Milan Rafael Leao
60%
No matching quizzes found
Score Distribution
Percent of People with Each Score
Percentile by Number Answered
Your Score History
You have not taken this quiz since the last reset